000 02219nam a2200301 a 4500
001 000039188
003 DO-SdBNP
005 20250117084036.0
007 ta
008 250117s2024 pr 000 j spa d
020 _a9789945188639
040 _aDO-SdBNP
_bspa
_cBNPHU
_erda
041 _hspa
082 _aRD861.44
_bM938e
_222
100 _aMoya, Pastor de,
_d1965-
_eautor
_910813
245 1 0 _aLa escritura del ojo /
_cPastor de Moya
264 _aSanto Domingo :
_bAmigo del Hogar,
_c2024
300 _a207 páginas :
_bIlustraciones ;
_c24 cm.
336 _ardacontent
_btexto
_2txt
337 _ardamedia
_bsin mediación
_2n
338 _ardacarrier
_bvolumen
_2nc
505 _aEntrada de deditos hervidos en sangre de cayena 12 -- El escapulario de Pastor y el egoísmo de poseerlo 16 -- El pez cero 18 -- Ver y sentir a Pastor De Moya comiéndose las manos 22 -- Obscena presencia de Marx 32 -- Una muestra del infierno 36 -- Perros [o la virtud del pez masturbador] 42 -- La silla 46 -- El velorio y entierro del puerco [pantalla del recuerdo / 3. dimensión] 52 -- La musaraña [Investigación científica- especulativa sobre la baba] 56 -- Poética de la locura: los "trances dilatados" de Pastor De Moya 70 -- Las preferencias engendran tiernos monstruos 90 -- Pastor De Moya: "musa, tátara musa..." 94 -- Trance dilatado del Buffet para caníbales 100 -- Trance dilatado 110 -- Mientras el bufé se prepara 114 -- El jardín de los enanos 118 -- La etérea sangre de las plumas 122 -- Respiración y velocidad en la obra de arte 128 -- La caja libro 132 -- De libros y funerales [crónica rosa de las fiestas tristes] 138 -- Gestualidad y trasgresión 142 -- Los diez mandamientos del artista en trance 148 -- Malaventuranzas según Pastor 152 -- Se huye del amor al sueño 158 -- Pastor De Moya ¡Disrupción & Provocación! 164 -- Epílogo: Pastor De Moya: El yo serpentino y la escritura del círculo 170 -- Pastor De Moya: biografía selecta 192 -- De los críticos 200 -- De los textos 202 -- Otros estudios sobre la obra de Pastor De Moya 204
590 _aInventariado, 2025/DG
650 4 _aPoesía dominicana
650 4 _aLiteratura dominicana
910 _aDG
942 _2ddc
_cLBS1
999 _c58070
_d58070